[Event "CZE Czechia-ch U16"]
[Site "Harrachov"]
[Date "2009.10.28"]
[Round "6"]
[White "Balacek, Tadeas"]
[Black "Vachal, Pavel"]
[Result "1-0"]
[WhiteElo "2133"]
[BlackElo "1833"]
[PlyCount "49"]
[EventDate "2009.10.24"]
[EventType "swiss"]
[EventRounds "9"]
[EventCountry "CZE"]
[SourceTitle "EXT 2012"]
[Source "ChessBase"]
[SourceDate "2011.11.24"]
[SourceVersion "1"]
[SourceVersionDate "2011.11.24"]
[SourceQuality "1"]

1. d4 Nf6 2. Nf3 g6 3. c4 Bg7 4. Nc3 d6 5. e4 0-0 6. Be2 Nbd7 7. Bg5 c5 8. d5 h6 9. Bf4 Nh5 10. Be3 Kh7 11. 0-0 Nhf6 12. Nd2 Ne5 13. h3 g5 14. f4 gxf4 15. Rxf4 Ng6 16. Rf2 a6 17. a4 Rg8 18. Qc2 Ne5 19. Kh2 Qd7 20. Bf4 Nfg4+ 21. hxg4 Nxg4+ 22. Bxg4 Qxg4 23. Be3 Be5+ 24. Kg1 Qg3 25. Nf3 1-0

[Event "CZE Czechia-ch U16"]
[Site "Harrachov"]
[Date "2009.10.24"]
[Round "1"]
[White "Vachal, Pavel"]
[Black "Jordan, Petr"]
[Result "1-0"]
[WhiteElo "1833"]
[BlackElo "1467"]
[PlyCount "48"]
[EventDate "2009.10.24"]
[EventType "swiss"]
[EventRounds "9"]
[EventCountry "CZE"]
[SourceTitle "EXT 2012"]
[Source "ChessBase"]
[SourceDate "2011.11.24"]
[SourceVersion "1"]
[SourceVersionDate "2011.11.24"]
[SourceQuality "1"]

1. e4 c5 2. Nf3 e6 3. d4 cxd4 4. Nxd4 a6 5. Nc3 Qc7 6. Be2 Nf6 7. Bg5 Bb4 8. Qd3 Qe5 9. Bxf6 Qxf6 10. 0-0 Nc6 11. Nxc6 dxc6 12. Rad1 0-0 13. f4 b5 14. e5 Qe7 15. Ne4 Bb7 16. Ng5 g6 17. Qh3 h5 18. Ne4 Kg7 19. Nf6 Qc5+ 20. Kh1 Qxc2 21. Bd3 Qxb2 22. Nxh5+ gxh5 23. Qg3+ Kh8 24. Qg5 Rg8 1-0

[Event "CZE-ch U16"]
[Site "Sec u Chrudimi"]
[Date "2008.10.27"]
[Round "3"]
[White "Vachal, Pavel"]
[Black "Wasserbauer, Radek"]
[Result "1-0"]
[WhiteElo "1586"]
[BlackElo "1887"]
[PlyCount "89"]
[EventDate "2008.10.25"]
[EventType "swiss"]
[EventRounds "9"]
[EventCountry "CZE"]
[SourceTitle "EXT 2022"]
[Source "ChessBase"]
[SourceDate "2021.10.06"]
[SourceVersion "1"]
[SourceVersionDate "2021.10.06"]
[SourceQuality "1"]

1. e4 e6 2. d4 d5 3. e5 c5 4. Nc3 Nc6 5. Nf3 cxd4 6. Nb5 Bc5 7. a3 a5 8. Be2 Qb6 9. 0-0 Nge7 10. Qd3 Ng6 11. Nd6+ Bxd6 12. exd6 0-0 13. h4 Rd8 14. h5 Nf8 15. Nh4 Rxd6 16. Qg3 e5 17. h6 Ng6 18. Kh1 Qd8 19. Bg5 f6 20. Nxg6 hxg6 21. Bd2 g5 22. hxg7 Qe7 23. Kh2 Qxg7 24. Rh1 Bf5 25. c4 dxc3 26. Bxc3 Kf7 27. Kg1 Rh8 28. Rxh8 Qxh8 29. Rd1 Rd7 30. Qf3 Be6 31. Bb5 e4 32. Qg3 Qd8 33. Qh2 Kg6 34. Be2 Rh7 35. Qg3 f5 36. f4 exf3 37. gxf3 Qc7 38. Qg2 Qb6+ 39. Kf1 d4 40. Bd2 Rh5 41. f4 g4 42. Re1 Qd8 43. Bxg4 fxg4 44. Rxe6+ Kh7 45. Qe4+ 1-0

[Event "CZE-ch U14"]
[Site "Sec u Chrudimi"]
[Date "2007.10.27"]
[Round "9"]
[White "Vachal, Pavel"]
[Black "Cizinsky, Petr"]
[Result "1/2-1/2"]
[WhiteElo "1589"]
[BlackElo "1491"]
[PlyCount "156"]
[EventDate "2007.10.20"]
[EventType "swiss"]
[EventRounds "9"]
[EventCountry "CZE"]
[SourceTitle "EXT 2022"]
[Source "ChessBase"]
[SourceDate "2021.10.06"]
[SourceVersion "1"]
[SourceVersionDate "2021.10.06"]
[SourceQuality "1"]

1. e4 c5 2. Nf3 d6 3. d4 cxd4 4. Nxd4 Nf6 5. Nc3 a6 6. Be2 e6 7. Be3 Be7 8. 0-0 Nc6 9. Qd2 0-0 10. h3 Qc7 11. Rad1 b5 12. Nxc6 Qxc6 13. Bf3 e5 14. Nd5 Nxd5 15. exd5 Qc7 16. Be2 f5 17. Bg5 Bb7 18. Bxe7 Qxe7 19. Bd3 Bxd5 20. Bxf5 Bb7 21. Bg4 d5 22. Rfe1 Qf6 23. Qe3 d4 24. Qg3 Rae8 25. Re2 Kh8 26. Rde1 e4 27. Bf3 Qf7 28. Bxe4 Bxe4 29. Rxe4 Rxe4 30. Rxe4 Qxa2 31. Qd6 Kg8 32. Qxd4 Qb1+ 33. Kh2 Qxc2 34. Re7 Qg6 35. Ra7 Qc6 36. Rd7 h6 37. Rd6 Qc7 38. g3 Qc1 39. Rxa6 Qg5 40. Rc6 Rd8 41. Rd6 Rf8 42. Kg2 Qc1 43. Rg6 Rf7 44. Qe4 Qc7 45. Rc6 Qd7 46. Ra6 Qf5 47. Qd4 Kh7 48. Rb6 Qf3+ 49. Kg1 Qf5 50. h4 Qb1+ 51. Kg2 Qf5 52. Rd6 Qf3+ 53. Kg1 Qe2 54. Rd5 Kg8 55. Re5 Qc4 56. Re8+ Kh7 57. Qxc4 bxc4 58. Rc8 Rb7 59. Rxc4 Rxb2 60. Kg2 Rb3 61. Re4 Rb7 62. Kf3 h5 63. Re5 g6 64. Re4 Rb5 65. g4 hxg4+ 66. Kxg4 Kh6 67. f4 Kg7 68. Re5 Rb6 69. Kg5 Rf6 70. Re7+ Rf7 71. Rxf7+ Kxf7 72. h5 gxh5 73. Kxh5 Kf6 74. Kg4 Kg6 75. f5+ Kf7 76. Kg5 Kg7 77. f6+ Kf8 78. Kf5 Kf7 1/2-1/2

[Event "CZE-ch U14"]
[Site "Sec u Chrudimi"]
[Date "2007.10.26"]
[Round "8"]
[White "Sedivy, Martin"]
[Black "Vachal, Pavel"]
[Result "0-1"]
[WhiteElo "1379"]
[BlackElo "1589"]
[PlyCount "56"]
[EventDate "2007.10.20"]
[EventType "swiss"]
[EventRounds "9"]
[EventCountry "CZE"]
[SourceTitle "EXT 2022"]
[Source "ChessBase"]
[SourceDate "2021.10.06"]
[SourceVersion "1"]
[SourceVersionDate "2021.10.06"]
[SourceQuality "1"]

1. e4 e5 2. Nf3 Nc6 3. d4 exd4 4. Nxd4 Bc5 5. Be3 Qf6 6. c3 Nge7 7. Be2 d5 8. exd5 Nxd5 9. 0-0 Nxe3 10. fxe3 Qg5 11. Rf3 0-0 12. Rg3 Qh6 13. Bg4 Bxg4 14. Qxg4 Nxd4 15. exd4 Bd6 16. Rh3 Qc1+ 17. Kf2 Qxb2+ 18. Nd2 Qxa1 19. Ne4 Qxa2+ 20. Kg1 Qe6 21. Qh4 Qg6 22. Ng5 h6 23. Nf3 Rfe8 24. Kf1 Qb1+ 25. Kf2 Qc2+ 26. Kf1 Qe2+ 27. Kg1 Qd1+ 28. Kf2 Re2# 0-1

[Event "CZE-ch U12"]
[Site "Zlate Hory"]
[Date "2006.03.12"]
[Round "2"]
[White "Rubes, Jan"]
[Black "Vachal, Pavel"]
[Result "0-1"]
[WhiteElo "1416"]
[BlackElo "1679"]
[PlyCount "110"]
[EventDate "2006.03.11"]
[EventType "swiss"]
[EventRounds "9"]
[EventCountry "CZE"]
[SourceTitle "EXT 2008"]
[Source "ChessBase"]
[SourceDate "2007.11.25"]
[SourceVersion "1"]
[SourceVersionDate "2007.11.25"]
[SourceQuality "1"]

1. e4 e5 2. Nf3 Nc6 3. Bb5 a6 4. Ba4 Nf6 5. d3 b5 6. Bb3 Be7 7. 0-0 0-0 8. c3 d6 9. Re1 Na5 10. Bc2 c5 11. Nbd2 Bg4 12. Nf1 Nc6 13. Ng3 b4 14. h3 Bxf3 15. Qxf3 bxc3 16. bxc3 Qa5 17. Bd2 Nd4 18. cxd4 Qxd2 19. Re2 Qc3 20. Rae1 cxd4 21. Nf5 Rfe8 22. Qg3 g6 23. Bb3 Bf8 24. Qg5 Nh5 25. g4 Nf4 26. Qf6 Nxe2+ 27. Rxe2 Ra7 28. f3 Qc1+ 29. Kh2 Qf4+ 30. Kg1 Rc8 31. Rg2 Rc1+ 32. Kf2 Qd2+ 33. Kg3 Qe1+ 34. Kh2 Qh1+ 35. Kg3 Rg1 36. Nh4 Rxg2+ 37. Nxg2 Qc1 38. f4 exf4+ 39. Nxf4 Qe3+ 40. Kg2 Qd2+ 41. Kg3 Qe3+ 42. Kg2 Re7 43. Nd5 Qe2+ 44. Kg1 Rb7 45. Qxd4 Bg7 46. Qc4 Qe1+ 47. Kg2 Rb8 48. Ne7+ Kh8 49. Qxf7 Rf8 50. Qd5 Rf2+ 51. Kg3 Rf5+ 52. Kg2 Rxd5 53. Bxd5 Bd4 54. h4 Qf2+ 55. Kh3 Be5 0-1

[Event "CZE-ch U12"]
[Site "Zlate Hory"]
[Date "2006.03.11"]
[Round "1"]
[White "Vachal, Pavel"]
[Black "Naplava, Pavel"]
[Result "1-0"]
[WhiteElo "1679"]
[BlackElo "1414"]
[PlyCount "31"]
[EventDate "2006.03.11"]
[EventType "swiss"]
[EventRounds "9"]
[EventCountry "CZE"]
[SourceTitle "EXT 2008"]
[Source "ChessBase"]
[SourceDate "2007.11.25"]
[SourceVersion "1"]
[SourceVersionDate "2007.11.25"]
[SourceQuality "1"]

1. e4 c5 2. Nf3 Nc6 3. d4 cxd4 4. Nxd4 g6 5. Nc3 Bg7 6. Be3 Nf6 7. Bc4 Qa5 8. Nb3 Qb4 9. Bd3 d6 10. a3 Nxe4 11. axb4 Nxc3 12. bxc3 Bxc3+ 13. Bd2 Bxa1 14. Qxa1 0-0 15. Bh6 e5 16. Bxf8 1-0

[Event "CZE-ch U12"]
[Site "Sec u Chrudimi"]
[Date "2005.10.28"]
[Round "8"]
[White "Kaftan, Petr"]
[Black "Vachal, Pavel"]
[Result "0-1"]
[WhiteElo "1353"]
[BlackElo "1695"]
[PlyCount "84"]
[EventDate "2005.10.22"]
[EventType "swiss"]
[EventRounds "9"]
[EventCountry "CZE"]
[SourceTitle "EXT 2008"]
[Source "ChessBase"]
[SourceDate "2007.11.25"]
[SourceVersion "1"]
[SourceVersionDate "2007.11.25"]
[SourceQuality "1"]

1. d4 Nf6 2. c4 e5 3. dxe5 Ng4 4. Nf3 Nc6 5. Bg5 Be7 6. Bxe7 Qxe7 7. Nc3 Ncxe5 8. Nxe5 Nxe5 9. e3 0-0 10. Be2 d6 11. 0-0 Be6 12. b3 Qf6 13. Nd5 Bxd5 14. cxd5 Rad8 15. Rc1 c6 16. dxc6 Nxc6 17. Bf3 Rc8 18. Qe2 Rfe8 19. Rfd1 Qe5 20. Rd5 Nd4 21. Rxd4 Rxc1+ 22. Rd1 Qa1 23. Rxc1 Qxc1+ 24. Qf1 Qxf1+ 25. Kxf1 b6 26. Ke2 f6 27. Bd5+ Kf8 28. e4 f5 29. f3 Ke7 30. Kd3 fxe4+ 31. fxe4 Rf8 32. Ke2 Kf6 33. Ke3 Ke5 34. Bc4 Rf4 35. Bd3 Rf7 36. Bc4 Re7 37. Bd5 a6 38. Bg8 h6 39. Bd5 Rc7 40. Kd2 Kd4 41. h3 Rc3 42. Bb7 Rg3 0-1

[Event "CZE-ch U12"]
[Site "Sec u Chrudimi"]
[Date "2005.10.25"]
[Round "4"]
[White "Pulpan, Jakub"]
[Black "Vachal, Pavel"]
[Result "0-1"]
[WhiteElo "1250"]
[BlackElo "1695"]
[PlyCount "62"]
[EventDate "2005.10.22"]
[EventType "swiss"]
[EventRounds "9"]
[EventCountry "CZE"]
[SourceTitle "EXT 2008"]
[Source "ChessBase"]
[SourceDate "2007.11.25"]
[SourceVersion "1"]
[SourceVersionDate "2007.11.25"]
[SourceQuality "1"]

1. e4 c5 2. Nf3 d6 3. d4 cxd4 4. Nxd4 Nf6 5. Nc3 a6 6. Be2 e5 7. Nf3 Nc6 8. Bg5 Be7 9. 0-0 0-0 10. Bc4 Bg4 11. h3 Bh5 12. Bxf6 Bxf6 13. Nd5 Nd4 14. Be2 Bxf3 15. Bxf3 Rc8 16. c3 Nxf3+ 17. Qxf3 Kh8 18. Rad1 Rc6 19. Rd3 Bg5 20. Rfd1 Qc8 21. Nb4 Rc4 22. Rxd6 f5 23. exf5 Rf4 24. Qd5 R8xf5 25. Nd3 e4 26. Nxf4 Rxd5 27. R1xd5 Be7 28. Rd7 Bg5 29. Ne6 e3 30. Rd8+ Bxd8 31. Rxd8+ Qxd8 0-1

[Event "CZE-ch U12"]
[Site "Sec u Chrudimi"]
[Date "2005.10.24"]
[Round "3"]
[White "Vachal, Pavel"]
[Black "Tilgner, Marcel"]
[Result "1-0"]
[WhiteElo "1695"]
[BlackElo "1100"]
[PlyCount "69"]
[EventDate "2005.10.22"]
[EventType "swiss"]
[EventRounds "9"]
[EventCountry "CZE"]
[SourceTitle "EXT 2008"]
[Source "ChessBase"]
[SourceDate "2007.11.25"]
[SourceVersion "1"]
[SourceVersionDate "2007.11.25"]
[SourceQuality "1"]

1. e4 d5 2. exd5 Nf6 3. Nc3 Nxd5 4. Nxd5 Qxd5 5. Nf3 Bg4 6. Be2 Nc6 7. h3 Bxf3 8. Bxf3 Qe5+ 9. Be2 e6 10. d3 Bd6 11. c3 0-0-0 12. Be3 Qb5 13. Qc2 Be5 14. d4 Nb4 15. cxb4 Qxb4+ 16. Qc3 Qxc3+ 17. bxc3 Bd6 18. 0-0 Ba3 19. Rab1 Rd7 20. Bf3 c6 21. Rb3 Be7 22. Bf4 Rhd8 23. Bxc6 Bd6 24. Bxd7+ Rxd7 25. Bxd6 Rxd6 26. Rb5 Rc6 27. Rc5 Rxc5 28. dxc5 Kc7 29. Rd1 Kc6 30. f3 f5 31. Kf2 g5 32. Ke3 h5 33. f4 a6 34. g4 hxg4 35. fxg5 1-0

[Event "Tabor op"]
[Site "Tabor"]
[Date "2005.08.05"]
[Round "8"]
[White "Lomsky, Radek"]
[Black "Vachal, Pavel"]
[Result "1-0"]
[WhiteElo "1639"]
[BlackElo "1250"]
[PlyCount "65"]
[EventDate "2005.07.30"]
[EventType "swiss"]
[EventRounds "9"]
[EventCountry "CZE"]
[SourceTitle "EXT 2006"]
[Source "ChessBase"]
[SourceDate "2005.11.24"]
[SourceVersion "1"]
[SourceVersionDate "2005.11.24"]
[SourceQuality "1"]

1. e4 e5 2. Nf3 Nc6 3. d4 exd4 4. Nxd4 Bc5 5. Be3 Qf6 6. c3 Nge7 7. Bc4 0-0 8. 0-0 Qg6 9. Nxc6 Qxc6 10. Bxc5 Qxc5 11. Na3 d6 12. Bd3 Qg5 13. f4 Qc5+ 14. Kh1 f5 15. Qf3 Ng6 16. g3 fxe4 17. Bxe4 Bh3 18. Bxb7 Bxf1 19. Bxa8 Be2 20. Qxe2 Rxa8 21. Re1 Qd5+ 22. Qe4 Qxe4+ 23. Rxe4 Rb8 24. b3 d5 25. Re2 Rd8 26. Nb5 h5 27. Nxa7 h4 28. Rg2 d4 29. Nc6 Rd6 30. Nxd4 c5 31. Nf5 hxg3 32. hxg3 Rd3 33. c4 1-0

[Event "Tabor op"]
[Site "Tabor"]
[Date "2005.08.04"]
[Round "7"]
[White "Vachal, Pavel"]
[Black "Pekarkova, Eva"]
[Result "0-1"]
[WhiteElo "1250"]
[BlackElo "1802"]
[PlyCount "44"]
[EventDate "2005.07.30"]
[EventType "swiss"]
[EventRounds "9"]
[EventCountry "CZE"]
[SourceTitle "EXT 2006"]
[Source "ChessBase"]
[SourceDate "2005.11.24"]
[SourceVersion "1"]
[SourceVersionDate "2005.11.24"]
[SourceQuality "1"]

1. e4 c5 2. Nf3 Nc6 3. d4 cxd4 4. Nxd4 g6 5. Nc3 Bg7 6. Be3 Nf6 7. Bc4 0-0 8. f3 d6 9. Qd2 Bd7 10. 0-0-0 Rc8 11. h4 Nxd4 12. Qxd4 Ng4 13. Qd3 Nxe3 14. Qxe3 Rxc4 15. Nd5 e6 16. Nf4 Qc7 17. Rd2 Bh6 18. g4 e5 19. g5 exf4 20. Qxf4 Bg7 21. h5 Rc8 22. Rhh2 Be5 0-1